[Event "Penang op-B 11th"]
[Site "Penang"]
[Date "2019.12.14"]
[Round "9"]
[White "Sathaseelan, Dinish"]
[Black "Tham, Tick Hong Jax"]
[Result "0-1"]
[WhiteElo "1549"]
[BlackElo "1837"]
[PlyCount "84"]
[EventDate "2019.12.09"]
[EventType "swiss"]
[EventRounds "9"]
[EventCountry "MAS"]
[SourceTitle "CBM 193 Extra"]
[Source "ChessBase"]
[SourceDate "2020.01.31"]
[SourceVersion "1"]
[SourceVersionDate "2020.01.31"]
[SourceQuality "1"]

1. d4 c6 2. Nf3 d6 3. e4 Bg4 4. Be2 Nd7 5. 0-0 e5 6. dxe5 dxe5 7. Ng5 Bxe2 8. Qxe2 Be7 9. Nf3 Ngf6 10. Rd1 Qb6 11. Nbd2 0-0 12. Nb3 a5 13. Bg5 a4 14. Bxf6 Nxf6 15. Nbd2 Ng4 16. Nc4 Qc5 17. Nfd2 Nh6 18. Ne3 Bg5 19. Ndf1 b5 20. c4 b4 21. Qh5 Bxe3 22. Nxe3 Rad8 23. b3 a3 24. Qe2 f6 25. Nc2 Nf7 26. Qe1 Rb8 27. Rd7 Nd6 28. Rd1 Nxc4 29. bxc4 Qxc4 30. Ne3 Qxa2 31. Nf5 Rf7 32. Ne7+ Kf8 33. Nxc6 Rxd7 34. Rxd7 Rb6 35. Nxb4 Qc4 36. Rd8+ Kf7 37. Qd2 Qxb4 38. Rd7+ Kg6 39. Rxg7+ Kxg7 40. Qd7+ Kf8 41. Qd8+ Kf7 42. Qc7+ Kg6 0-1

[Event "Penang op-B 11th"]
[Site "Penang"]
[Date "2019.12.13"]
[Round "7"]
[White "Latifah, Laysa"]
[Black "Tham, Tick Hong Jax"]
[Result "1-0"]
[WhiteElo "1871"]
[BlackElo "1837"]
[PlyCount "115"]
[EventDate "2019.12.09"]
[EventType "swiss"]
[EventRounds "9"]
[EventCountry "MAS"]
[SourceTitle "CBM 193 Extra"]
[Source "ChessBase"]
[SourceDate "2020.01.31"]
[SourceVersion "1"]
[SourceVersionDate "2020.01.31"]
[SourceQuality "1"]

1. e4 e6 2. d4 d5 3. exd5 exd5 4. Bd3 Bd6 5. c3 c6 6. Ne2 Qh4 7. Be3 Nf6 8. Nd2 Ng4 9. Nf3 Nxe3 10. Nxh4 Nxd1 11. Rxd1 g6 12. 0-0 0-0 13. h3 Be6 14. f4 f5 15. Nf3 Nd7 16. Ng5 Rae8 17. c4 Nf6 18. c5 Bc7 19. Nf3 Ne4 20. b4 Kg7 21. Rb1 h6 22. h4 Kf6 23. Rb2 Bc8 24. a4 a6 25. b5 axb5 26. axb5 Re6 27. Ra1 Ke7 28. Ra7 Bb8 29. Ra8 Bd7 30. Raa2 Rc8 31. Ne5 Bxe5 32. fxe5 g5 33. Bxe4 fxe4 34. bxc6 Bxc6 35. hxg5 hxg5 36. Ng3 Rg6 37. Nf5+ Ke6 38. g4 Rh8 39. Rh2 Rgg8 40. Ng7+ Kf7 41. Nh5 Ra8 42. Rhf2+ Ke7 43. Rab2 Ra4 44. Ng3 Ra1+ 45. Kg2 Rd1 46. Rf6 Ra8 47. Rbf2 Raa1 48. Rf7+ Kd8 49. Rf8+ Be8 50. Rh8 Rxd4 51. Rff8 Rd2+ 52. Kh3 Rd3 53. Rxe8+ Kc7 54. e6 Kc6 55. Rc8+ Kb5 56. e7 Raa3 57. e8Q+ Kc4 58. Qe5 1-0

[Event "Penang op-B 11th"]
[Site "Penang"]
[Date "2019.12.10"]
[Round "2"]
[White "Cheah, Zong Ze"]
[Black "Tham, Tick Hong Jax"]
[Result "0-1"]
[WhiteElo "1350"]
[BlackElo "1837"]
[PlyCount "88"]
[EventDate "2019.12.09"]
[EventType "swiss"]
[EventRounds "9"]
[EventCountry "MAS"]
[SourceTitle "CBM 193 Extra"]
[Source "ChessBase"]
[SourceDate "2020.01.31"]
[SourceVersion "1"]
[SourceVersionDate "2020.01.31"]
[SourceQuality "1"]

1. d4 e6 2. Nf3 b6 3. Bf4 Nf6 4. e3 Bb7 5. Bd3 h6 6. Nbd2 d5 7. c3 Nbd7 8. Ne5 Nxe5 9. Bxe5 Bd6 10. Bg3 Qe7 11. Nf3 Nh5 12. Bxd6 cxd6 13. Qa4+ Kf8 14. Qd1 Nf6 15. Be2 g6 16. h4 Kg7 17. Nd2 Rac8 18. Qa4 a6 19. Qb4 Qc7 20. a4 Rhd8 21. a5 b5 22. Nb3 Ne4 23. Nd2 Qe7 24. Nxe4 dxe4 25. h5 Bd5 26. hxg6 fxg6 27. b3 e5 28. Rd1 Qe6 29. Rb1 Rc7 30. Kd2 Rdc8 31. Rhc1 Qf6 32. g3 Qe6 33. Rf1 h5 34. Rh1 Rxc3 35. Qxc3 Rxc3 36. Kxc3 exd4+ 37. exd4 e3 38. fxe3 Qc8+ 39. Kd3 Qc7 40. b4 Bc4+ 41. Ke4 Qe7+ 42. Kf4 g5+ 43. Kf5 Qf6+ 44. Ke4 Qe6+ 0-1